Acupuncture

Bibliographic Details
Main Author: Nightingale, Michael
Format: Book
Published: Boston : Charles E. Tuttle Co., Inc. , 1997
Subjects:

MARC

LEADER 00000cam a2200000 7i4500
001 0000057978
005 20020710.0
020 |a 0804830045 
090 0 0 |a 615.892   |b NIG 
100 1 |a Nightingale, Michael 
245 1 0 |a Acupuncture   |c Michael Nightingale 
260 |a Boston :   |b Charles E. Tuttle Co., Inc. ,   |c 1997 
300 |a 118p. :   |b ill. ;   |c 22cm. 
650 0 0 |a Acupuncture 
999 |a 00095095   |b BUKU   |c PINJAMAN   |e PERPUSTAKAAN KOMUNITI PETALING JAYA